000 00599nam a2200205 i 4500
001 98222
003 ES-MaACL
005 20240601063024.0
007 t|
008 050727s1974 sp ||||1| spa d
100 1 _aMarrodán, Mario Ángel,
_d1932-2005
_977080
245 1 4 _aLas preces y las heces /
_cMario Angel Marrodán.
260 _aPalencia :
_bRocamador,
_c1974.
300 _a70 p. ;
_c22 cm.
490 1 _aColección Rocamador ;
_v78
830 0 0 _aRocamador (Serie) ;
_v78
_9236737
852 _aES-MaACL
_j2089-F-27
_bR.88945
942 _2udc
999 _c98222
_d98222